| 000 | 01280nac a22003371i 4500 | ||
|---|---|---|---|
| 003 | EG-ScBUE | ||
| 005 | 20240227111351.0 | ||
| 008 | 240227r20052004ua a f b 001 0 eng d | ||
| 020 | _a9774248686 | ||
| 040 |
_aEG-ScBUE _beng _erda _cEG-ScBUE _dEG-ScBUE |
||
| 043 | _af-ua--- | ||
| 082 | 0 | 4 |
_a916.216045 _bCAI _222 |
| 245 | 0 | 0 |
_aCairo : _bthe practical guide / _ccompiled and edited by Claire E. Francy ; in collaboration with Joshua Mortensen, [and three others] ; revised by Abigail Ulman. |
| 246 | 3 | 4 | _aCairo guide |
| 250 | _aFourteenth edition. | ||
| 250 | _aSecond printing. | ||
| 264 | 1 |
_aCairo ; _aNew York : _bThe American University in Cairo Press, _c2005. |
|
| 300 |
_axxiv, 215 pages : _billustrations ; _c21 cm |
||
| 336 |
_2rdacontent _atext _btxt |
||
| 337 |
_aunmediated _2rdamedia _bn |
||
| 338 |
_avolume _bnc _2rdacarrier |
||
| 500 | _a"Original 1975 edition edited by Deborah Cowley and Aleya Serour." --T.p. | ||
| 500 | _a"Dar el Kutub No. 7134/01"--T.p. verso. | ||
| 504 | _aIncludes bibliographical references and index. | ||
| 651 | 7 |
_aCairo (Egypt) _vGuidebooks. _2BUEsh |
|
| 655 | _vReading book | ||
| 700 | 1 |
_aFrancy, Claire E., _ecompiler. |
|
| 700 | 1 |
_aMortensen, Joshua, _econtributer. |
|
| 700 | 1 |
_aUlman, Abigail, _erevisor. |
|
| 942 |
_cBB _2ddc |
||
| 999 |
_c2655 _d2655 |
||